| 000 | 00891 a2200217 4500 | ||
|---|---|---|---|
| 001 | 40985 | ||
| 005 | 20260407155703.0 | ||
| 008 | 260407a1981 arg spa d | ||
| 003 | AR-UNSa-BCEJYS | ||
| 040 |
_aAR-UNSa-BCEJYS _bspa _cAR-UNSa-BCEJYS |
||
| 080 |
_a911.3:32 _xGeografía política |
||
| 245 | 1 | 0 | _aGeografía Política |
| 020 | _a84-281-0472-7 | ||
| 264 | 1 |
_aBarcelona : _bOikos-tau _c1981 |
|
| 300 |
_a161 p. _c21 cm. |
||
| 505 | _aParte I: La geografía y el estado: 1. El territorio político - 2. El estado nacional - Parte II: Política pública y geografía : 1. La organización local y regional - 2. El comportamiento electoral - Parte III: Geografía y asuntos internacionales : 1. El espacio acuático, aéreo y cósmico - 2. El sistema internacional | ||
| 041 | _aspa | ||
| 942 | _cBK | ||
| 590 | _aniveau_biblio:m niveau_hierar:0 | ||
| 100 | 1 | _aSanguin, André-Louis | |
| 999 |
_c3328 _d3328 |
||